000 00411cam a22001571 4500
082 _a421
_a421
_bLIN
100 1 _aLinton, Calvin Darlington,
_938852
245 1 0 _aHow to write reports.
250 _a[1st ed.]
260 _aNew York,
_bHarper
_c[c1954]
300 _a240 p.
_c22 cm.
526 _a0
_b0
_c0
_d421_000000000000000_LIN
650 0 _aMCE
_9379
650 0 _aReport writing.
_93246
942 _2ddc
_cBK
999 _c543477
_d543477